000 00463nam a2200157 a 4500
001 000034142
005 20200930070817.0
008 110926s2001 cu 000 0 spa d
020 _a9590901859
040 _aDO-SdBNP
_bspa
_cBNPHU
100 1 _aChávez Rivera, Armando
_959561
245 1 0 _aMemorias de papel :
_bconversaciones /
_cArmando Chávez Rivera.
260 _aLa Habana :
_bEditorial José Martí,
_c2001.
300 _a291 p. ;
_c20 cm.
049 _aBNPD
999 _c33633
_d33633